000 01634cam a22002294a 4500
005 20250605163934.0
008 250528s ||||||||||||||||||||||||d
035 _a14810
020 _a673999297
040 _aGR-AtMCL
_bgre
_dGR-AtMCL
_eAACR2
245 1 _aSocial Psychology / Second Edition
250 _a2nd
260 _bLongman,
_c1997
300 _a593
520 _aBalancing classic research with today's most pertinent studies, Social Psychology tells the story of this exciting science in a way that is both practical and engrossing. Preface, Introduction, Introduction to Social Psychology, Methodology: The Process of Doing Research, Understanding Ourselves at the Social World, Social Cognition: How We Think About the Social World, Social Perception: How We Come to Understand Other People, Self-Understanding: How We Come to Understand Ourselves, Self-Justification and the Need to Maintain Self-Esteem, Social Influence, Attitudes and Attitude Change: Influencing Thoughts and Feelings, Conformity: Influencing Behavior, Group Processes: Influence in Social Groups, Social Interaction, Interpersonal Attraction: From First Impressions to Close Relationships, Prosocial Behavior: Why Do People Help?, Aggression: Why We Hurt Other People, Prejudice: Causes and Cures, Social Psychology in Action, Social Psychology and Health, Social Psychology and the Environment, Social Psychology and the Law, Glossary, References, Credits, Name and Subject Index.
700 1 _aAkert Robin M.
_9570
700 1 _aAronson Elliot
_9257
700 1 _aWilson Timothy D
_9571
942 _cBK
999 _c425
_d425